| 000 | 00414nam a22001577a 4500 | ||
|---|---|---|---|
| 005 | 20150401162310.0 | ||
| 008 | 150401b xxu||||| |||| 00| 0 eng d | ||
| 020 | _a9690008056 | ||
| 040 | _cPK-LaUMT | ||
| 082 |
_aKHC 306.0954914 _bAHM-S |
||
| 100 | _aاحمد غزالی | ||
| 245 |
_aساندل بار _cاحمد غزالی |
||
| 260 |
_aلاہور _bفیروز سنز _c[N.D] |
||
| 300 | _a312 ص | ||
| 942 | _cBK | ||
| 999 |
_c68576 _d68576 |
||